| 000 | 00989nam a22003017a 4500 | ||
|---|---|---|---|
| 001 | 7928 | ||
| 003 | FISKH | ||
| 005 | 20250814095426.0 | ||
| 008 | 250814b cb ||||| |||| 00| 0 eng d | ||
| 020 | _a9780876144862 | ||
| 040 |
_aFISKH _beng _cFISKH _dFISKH |
||
| 050 | _aDS706 .H39 | ||
| 082 | _a951 | ||
| 100 |
_aHaskins, Jim _d(1941–2005) |
||
| 245 |
_aCount your way through China / _cBy Jim Haskins ; Illustrations by Dennis Hockerman |
||
| 250 | _aThis edition first published in 1987 | ||
| 260 |
_aMinneapolis : _bMillbrook, _c1987 |
||
| 300 |
_a20 unnumbered pages : _bcolor illustrations ; _c20 x 23 cm |
||
| 505 | _aR | ||
| 520 | _aPresents the numbers one through ten in Chinese, using each number to introduce concepts about China and Chinese culture. | ||
| 521 | 8 |
_a700
_bLexile |
|
| 521 | 8 |
_aR
_bRaz-Plus |
|
| 650 |
_2China _aAsia |
||
| 650 |
_2Mandarin _aGeography |
||
| 700 |
_aHockerman, Dennis _dillustrator |
||
| 942 |
_2ddc _cBK _n0 |
||
| 999 |
_c7928 _d7928 |
||